000 00519nam a22001697a 4500
003 OSt
005 20140310181714.0
008 121213t xxu||||| |||| 00| 0 eng d
020 _a9718686134
050 _aSD 358
_b.Sa267 1997
082 _aFIL 363.7
_bSa91 1997
245 _aSaving the earth :
_cCecille C.A. Balgos, editor.
_bthe Philippine experience /
260 _aManila :
_bPhilippine Center for Investigative Journalism,
_c1997.
300 _a254 p. :
_bill. ;
_c25 cm.
942 _2lcc
_cBK
999 _c1707
_d1707